[Event "Moscow op (Women) 16th"]
[Site "Moscow"]
[Date "2020.02.01"]
[Round "8"]
[White "Krikunova, Olesya"]
[Black "Kharmunova, Nadezhda"]
[Result "0-1"]
[WhiteElo "1943"]
[BlackElo "2044"]
[PlyCount "78"]
[EventDate "2020.01.25"]
[EventType "swiss"]
[EventRounds "9"]
[EventCountry "RUS"]
[SourceTitle "CBM 194 Extra"]
[Source "ChessBase"]
[SourceDate "2020.03.31"]
[SourceVersion "1"]
[SourceVersionDate "2020.03.31"]
[SourceQuality "1"]

1. d4 d5 2. c4 c6 3. Nc3 Nf6 4. Nf3 dxc4 5. e3 b5 6. a4 Qb6 7. b3 Qa5 8. b4 Qxb4 9. Bd2 bxa4 10. Nxa4 Qb3 11. Qc1 c3 12. Bxc3 e6 13. Ne5 Bd6 14. Bc4 Qb7 15. 0-0 0-0 16. Qc2 Qc7 17. Nc5 Bxc5 18. dxc5 Qe7 19. Ra5 Nd5 20. Bb2 f6 21. Nf3 Kh8 22. Ba3 Qc7 23. Qa4 e5 24. Bb2 Be6 25. Ra1 Nd7 26. g3 N7b6 27. cxb6 Nxb6 28. Rxa7 Rxa7 29. Qxa7 Qxa7 30. Rxa7 Nxc4 31. Bc3 Kg8 32. Nd2 Nxd2 33. Bxd2 Rd8 34. Bb4 Rd1+ 35. Kg2 Bd5+ 36. Kh3 Be6+ 37. Kg2 h5 38. Kf3 Bg4+ 39. Ke4 Rd5 0-1

[Event "Moscow op (Women) 16th"]
[Site "Moscow"]
[Date "2020.01.30"]
[Round "6"]
[White "Kharmunova, Nadezhda"]
[Black "Donchenko, Ekaterina"]
[Result "1/2-1/2"]
[WhiteElo "2044"]
[BlackElo "1760"]
[PlyCount "75"]
[EventDate "2020.01.25"]
[EventType "swiss"]
[EventRounds "9"]
[EventCountry "RUS"]
[SourceTitle "CBM 194 Extra"]
[Source "ChessBase"]
[SourceDate "2020.03.31"]
[SourceVersion "1"]
[SourceVersionDate "2020.03.31"]
[SourceQuality "1"]

1. e4 e6 2. d4 d5 3. Nc3 Bb4 4. e5 c5 5. a3 Bxc3+ 6. bxc3 Qc7 7. Nf3 Ne7 8. Bd3 b6 9. 0-0 Ba6 10. Ng5 Bxd3 11. Qxd3 h6 12. Nh3 Nbc6 13. Nf4 Rc8 14. Nh5 Kf8 15. Be3 cxd4 16. cxd4 Na5 17. Rad1 Qxc2 18. Qa6 Qc7 19. Bd2 Nc4 20. Bb4 Ra8 21. Rc1 Kg8 22. Ng3 Kh7 23. Qa4 Rhf8 24. Rc3 a5 25. Bd6 Qd8 26. Qc2+ Kh8 27. Bxe7 Qxe7 28. Nh5 Qg5 29. Qe2 Qd2 30. Qg4 g6 31. Qf3 gxh5 32. Qf6+ Kh7 33. Rg3 Rg8 34. Qxf7+ Kh8 35. Qf6+ Kh7 36. Qf7+ Kh8 37. Qf6+ Kh7 38. Qf7+ 1/2-1/2

[Event "Moscow op (Women) 16th"]
[Site "Moscow"]
[Date "2020.01.28"]
[Round "4"]
[White "Kharmunova, Nadezhda"]
[Black "Lysenko, Olesya"]
[Result "1-0"]
[WhiteElo "2044"]
[BlackElo "1771"]
[PlyCount "35"]
[EventDate "2020.01.25"]
[EventType "swiss"]
[EventRounds "9"]
[EventCountry "RUS"]
[SourceTitle "CBM 194 Extra"]
[Source "ChessBase"]
[SourceDate "2020.03.31"]
[SourceVersion "1"]
[SourceVersionDate "2020.03.31"]
[SourceQuality "1"]

1. e4 e5 2. Nf3 Nc6 3. Bc4 Bc5 4. 0-0 Nf6 5. d4 exd4 6. e5 d5 7. exf6 dxc4 8. fxg7 Rg8 9. Re1+ Be6 10. Ng5 Be7 11. Qh5 Bxg5 12. Bxg5 Qd5 13. Qxh7 Kd7 14. Bf6 Qa5 15. Nc3 Bf5 16. Qh5 Bg6 17. Re7+ Kd6 18. Nb5+ 1-0

[Event "Moscow op (Women) 16th"]
[Site "Moscow"]
[Date "2020.01.27"]
[Round "3"]
[White "Volegova, Polina"]
[Black "Kharmunova, Nadezhda"]
[Result "1-0"]
[WhiteElo "1780"]
[BlackElo "2044"]
[PlyCount "123"]
[EventDate "2020.01.25"]
[EventType "swiss"]
[EventRounds "9"]
[EventCountry "RUS"]
[SourceTitle "CBM 194 Extra"]
[Source "ChessBase"]
[SourceDate "2020.03.31"]
[SourceVersion "1"]
[SourceVersionDate "2020.03.31"]
[SourceQuality "1"]

1. e4 c5 2. c3 Nf6 3. e5 Nd5 4. g3 Nc6 5. Bg2 e6 6. Nf3 d6 7. exd6 Bxd6 8. 0-0 0-0 9. Na3 e5 10. Nc4 Bg4 11. Re1 Bc7 12. Qb3 Bxf3 13. Bxf3 Nb6 14. Bxc6 bxc6 15. Nxe5 Qf6 16. d4 cxd4 17. cxd4 Rfe8 18. Bf4 Bxe5 19. dxe5 Qf5 20. Rac1 Nd5 21. Qc2 Qh3 22. Qa4 Re6 23. Bd2 Qf5 24. Qe4 Qh5 25. Rc4 Rae8 26. f4 Rh6 27. Qe2 Qf5 28. Qe4 Qh3 29. Qg2 Qf5 30. g4 Qd3 31. Qe2 Qxe2 32. Rxe2 Rhe6 33. Be1 g5 34. f5 Rxe5 35. Rxe5 Rxe5 36. Bf2 Ne3 37. Rxc6 h5 38. Rc8+ Kh7 39. Bxe3 Rxe3 40. gxh5 Re1+ 41. Kf2 Rb1 42. Rb8 Kh6 43. Kg3 Rg1+ 44. Kh3 Rf1 45. Rh8+ Kg7 46. Ra8 Rxf5 47. Rxa7 Rf2 48. b4 Kh6 49. b5 f5 50. Ra3 Kxh5 51. Kg3 Rb2 52. Rb3 Rxa2 53. b6 f4+ 54. Kf3 Rxh2 55. Rb5 Rh3+ 56. Kg2 Kh4 57. b7 f3+ 58. Kf2 Rh2+ 59. Kxf3 g4+ 60. Kf4 Rf2+ 61. Ke3 Rf3+ 62. Ke2 1-0